| 000 | 00869nam a2200265 i 4500 | ||
|---|---|---|---|
| 001 | 000021626 | ||
| 003 | DO-SdBNP | ||
| 005 | 20250917085508.0 | ||
| 007 | ta | ||
| 008 | 100909s1986 dr 000 0 spa d | ||
| 040 |
_aDO-SdBNP _bspa _cBNPHU _erda |
||
| 041 | _aspa | ||
| 082 |
_axxx _bJ82a _222 |
||
| 100 | 1 |
_aJorge Blanco, Salvador, _d1926-2010 _eautor _930551 |
|
| 245 | 1 | 0 |
_aArchipiélago de intereses / _cSalvador Jorge Blanco ; presentación Manuel Quiterio Cedeño. |
| 264 |
_aSanto Domingo : _bDirección General de Información, Publicidad y Prensa de la Presidencia, _c1986. |
||
| 300 |
_a333 páginas ; _c22 cm. |
||
| 336 |
_ardacontent _btexto _2txt |
||
| 337 |
_ardamedia _bsin mediación _2n |
||
| 338 |
_ardacarrier _bvolumen _2nc |
||
| 590 | _aInventariado, 2025/DG | ||
| 700 | 1 |
_aQuiterio Cedeño, Manuel _913448 |
|
| 910 | _aDG | ||
| 942 |
_2ddc _cLBS1 |
||
| 999 |
_c21125 _d21125 |
||